[Event "Titled Tuesday intern op 13th Aug Late"]
[Site "Chess.com INT"]
[Date "2024.08.13"]
[Round "4"]
[White "Ashraf, Mohamed"]
[Black "Bambino Filho, Antonio Carlos"]
[Result "1-0"]
[WhiteElo "2227"]
[BlackElo "2168"]
[PlyCount "75"]
[EventDate "2024.08.13"]
[EventType "swiss (blitz)"]
[EventRounds "11"]
[EventCountry "USA"]
[SourceTitle "EXT 2025"]
[Source "ChessBase"]
[SourceDate "2024.10.14"]
[SourceVersion "1"]
[SourceVersionDate "2024.10.14"]
[SourceQuality "1"]

1. d4 Nf6 2. Nc3 d5 3. Bf4 e6 4. e3 a6 5. Bd3 Bd6 6. Nf3 0-0 7. h3 b5 8. a3 c5 9. dxc5 Bxc5 10. Qe2 Bb7 11. 0-0 Ne4 12. Rad1 Qe7 13. Bxe4 dxe4 14. Nd2 f5 15. Nb3 Bb6 16. Bd6 Qf7 17. Bxf8 Qxf8 18. Nd4 Qe7 19. Rd2 Nd7 20. Rfd1 Nf6 21. Nb3 Rf8 22. Rd6 Bc7 23. R6d2 Nd5 24. Nxd5 Bxd5 25. Nd4 Bc4 26. Qe1 Qh4 27. b3 Bd5 28. Qf1 f4 29. c4 fxe3 30. Ra2 exf2+ 31. Rxf2 Rxf2 32. Qxf2 Bg3 33. Qe2 Bb7 34. cxb5 a5 35. Qc4 h6 36. Qxe6+ Kh8 37. Nf5 Bf2+ 38. Kh1 1-0

[Event "Titled Tuesday intern op 13th Aug Late"]
[Site "Chess.com INT"]
[Date "2024.08.13"]
[Round "7"]
[White "Ashraf, Mohamed"]
[Black "Breuil, Tristan"]
[Result "0-1"]
[WhiteElo "2227"]
[BlackElo "2284"]
[PlyCount "248"]
[EventDate "2024.08.13"]
[EventType "swiss (blitz)"]
[EventRounds "11"]
[EventCountry "USA"]
[SourceTitle "EXT 2025"]
[Source "ChessBase"]
[SourceDate "2024.10.14"]
[SourceVersion "1"]
[SourceVersionDate "2024.10.14"]
[SourceQuality "1"]

1. f4 Nf6 2. Nf3 g6 3. g3 Bg7 4. Bg2 0-0 5. 0-0 d5 6. d3 Re8 7. Nc3 c6 8. e4 dxe4 9. dxe4 Qb6+ 10. Kh1 Ng4 11. Qe2 Be6 12. h3 Nf6 13. g4 Qa6 14. Qf2 Bc4 15. Rg1 Nbd7 16. e5 Nd5 17. Ne4 Qb6 18. Qh4 Nc5 19. Neg5 h6 20. b3 Be2 21. Bb2 Bxf3 22. Nxf3 Ne4 23. Bd4 c5 24. Bb2 Rad8 25. Raf1 Nxf4 26. g5 hxg5 27. Nxg5 Nxg5 28. Qxf4 f6 29. h4 Ne6 30. Qg4 Nf8 31. h5 f5 32. Qg5 Nh7 33. Qxg6 Qxg6 34. hxg6 Nf8 35. Rxf5 e6 36. Rg5 Rd2 37. Be4 Red8 38. Bd3 Rf2 39. R5g3 Rf4 40. Rg4 Rf3 41. R1g3 Rf2 42. Rg2 Rf3 43. Be4 Rh3+ 44. Kg1 Rd1+ 45. Kf2 Rhh1 46. Rg1 Rd2+ 47. Ke3 Rhh2 48. R4g2 Bh6+ 49. Kf3 Rh3+ 50. Rg3 Rhh2 51. R1g2 Rhxg2 52. Rxg2 Rd1 53. Re2 Rf1+ 54. Kg2 Rb1 55. Bc3 Kg7 56. Rf2 Nxg6 57. Rf6 Nh4+ 58. Kh3 Nf5 59. Bxf5 exf5 60. Rxf5 Re1 61. Rf3 Re4 62. e6+ Kg8 63. Rf6 Bg7 64. Rg6 Re3+ 65. Kg4 Rxc3 66. Kf5 Rf3+ 67. Ke4 Rf6 68. Rg4 Rxe6+ 69. Kd5 Re2 70. Kxc5 Rxc2+ 71. Kb4 Rxa2 72. Rc4 Ra6 73. Rc8+ Kh7 74. Rc7 Rb6+ 75. Ka5 Rxb3 76. Ka4 Rb6 77. Rd7 Kg6 78. Rd1 Kf7 79. Rf1+ Bf6 80. Re1 Ra6+ 81. Kb5 Rb6+ 82. Kc4 Be7 83. Re2 Ke8 84. Kd5 Kd7 85. Rd2 Rd6+ 86. Kc4 Rxd2 87. Kc3 Rd6 88. Kc4 Rb6 89. Kd5 Kc7 90. Kc4 Bd8 91. Kd5 Kd7 92. Ke5 Bc7+ 93. Kd5 Bb8 94. Kc4 Kc7 95. Kc5 a6 96. Kd5 a5 97. Kc4 Rc6+ 98. Kb5 Ra6 99. Ka4 b6 100. Ka3 Kb7 101. Ka4 Bd6 102. Kb3 a4+ 103. Ka2 b5 104. Kb1 b4 105. Ka2 Rc6 106. Kb2 Bc7 107. Kb1 Ba5 108. Kb2 Bd8 109. Kb1 Rh6 110. Kb2 Rh4 111. Kb1 Bc7 112. Kb2 Bb8 113. Kb1 Ba7 114. Kb2 Kb6 115. Kb1 Kb5 116. Kb2 Bc5 117. Kb1 Rh3 118. Kb2 b3 119. Kb1 a3 120. Kc1 Bb6 121. Kb1 a2+ 122. Kc1 Kc4 123. Kb2 Bc5 124. Ka1 Bd4# 0-1

[Event "Titled Tuesday intern op 13th Aug Late"]
[Site "Chess.com INT"]
[Date "2024.08.13"]
[Round "1"]
[White "Ashraf, Mohamed"]
[Black "Hosseinzadeh, Nima"]
[Result "0-1"]
[WhiteElo "2227"]
[BlackElo "2208"]
[PlyCount "54"]
[EventDate "2024.08.13"]
[EventType "swiss (blitz)"]
[EventRounds "11"]
[EventCountry "USA"]
[SourceTitle "EXT 2025"]
[Source "ChessBase"]
[SourceDate "2024.10.14"]
[SourceVersion "1"]
[SourceVersionDate "2024.10.14"]
[SourceQuality "1"]

1. d4 Nf6 2. Nc3 e6 3. Bf4 d5 4. e3 Bb4 5. Bd3 0-0 6. Nf3 Ne4 7. 0-0 Bxc3 8. bxc3 Nxc3 9. Qe1 Ne4 10. Nd2 Nxd2 11. Qxd2 b6 12. e4 Ba6 13. e5 Bxd3 14. Qxd3 c5 15. c3 Nc6 16. Rfe1 Rc8 17. Rad1 Qh4 18. Qe3 cxd4 19. cxd4 Nb4 20. Bg5 Qh5 21. Rd2 Nc2 22. Rxc2 Rxc2 23. Qg3 Rfc8 24. Bf6 Qg6 25. Qa3 gxf6 26. exf6 Kh8 27. g3 Qxf6 0-1